000 00634cam a2200229 c 4500
001 a5071588
003 OSt
005 20140211090639.0
008 110620s2009 esp spa
020 _a978-84-8174-926-7
040 _aSpMaBN
_cBMC
082 _a612
100 1 _aGuyton, Arthur C.
_9578
245 1 0 _aTratado de fisiología médica
_cArthur C. Guyton, John E. Hall
250 _a11ª ed
260 _aMadrid [etc.]
_bElsevier
_c2009
300 _aXXXV, 1115 p.
_bil. col., gráf.
_c28 cm
500 _aÍndice p. 1067-1115
650 2 4 _9580
_aFisiología humana
700 1 _aHall, John E.
_9579
942 _2ddc
_cBK
999 _c6885
_d6885